00496nam a2200193Ia 4500003000900000008004100009020001800050040001600068080001600084100002000100245006400120260003200184300001500216650001100231650002000242650001400262650000800276700001800284IN-BaIIA211028s9999 xx 000 0 eng d a0-03-005218-1 cIIA Library a524.83bPAS aPasachoff, J. M 4aThe Cosmosbastronomy in the new milleniumcJ. M. Pasachoff aForth WorthbHarcourtc2001 axxv, 395p. aActive aCosmic furnaces aCosmology aSun aFilippenko, A